| 000 | 00979 a2200265 4500 | ||
|---|---|---|---|
| 005 | 20251219160331.0 | ||
| 008 | 251219b |||||||| |||| 00| 0 eng d | ||
| 020 | _a9781032245614 (pbk) | ||
| 037 | _cTB | ||
| 040 |
_aCRL _cCRL |
||
| 041 |
_2eng _aeng |
||
| 084 |
_aV73:594.P1 R5 _qCRL |
||
| 100 |
_aMuehlbauer, Matthew S. _9821424 |
||
| 245 |
_aWays of war: _bAmerican military history from the colonial era to the twenty first century |
||
| 250 | _a3rd Ed. | ||
| 260 |
_cNew York, USA; _cLondon, UK: _bRoutledge, _a2025. |
||
| 300 | _axxiii, 592p. | ||
| 365 |
_b78.99 _cUKP |
||
| 650 |
_aUnited State - History _9858192 |
||
| 650 |
_aMilitary Arts and Science _9858193 |
||
| 650 |
_aHistory _9858194 |
||
| 700 |
_aUlbrich, David J. _eauthor. _9858195 |
||
| 942 |
_cTB _2CC _n0 _e3rd Ed. _hV73:594.P1 R5 |
||
| 999 |
_c1435503 _d1435503 |
||